000 00395nam a22001577a 4500
003 OSt
008 250217b |||||||| |||| 00| 0 eng d
041 _aeng
082 _a531.1
_bKAM/ME
100 _aKamal, Anwar
_97170
245 _aMechanics of Particles, Waves and Oscillations
250 _a1st
260 _aNew Delhi:
_bNew Age International Ltd,
_c1995.
300 _a531p.
942 _cBK
999 _c19399
_d19399